German Nation-States - Statistics

General Stats
  • This quiz has been taken 52 times
  • The average score is 7 of 8
Answer Stats
Time Period Type of Nation Answer % Correct
962 - 1806 Empire Holy Roman Empire
98%
1949 - 1990 (East Berlin) Communist Republic East Germany
93%
1933 - 1945 Dictatorship Nazi Germany
93%
1949 - 1990 (Bonn) Republic West Germany
93%
1990 - present Republic Germany
90%
1918 - 1933 Republic Weimar Republic
90%
1871 - 1918 Imperial State / Kingdom German Empire
74%
1815 - 1871 Union German Confederation
50%
No matching quizzes found
Score Distribution
Percent of People with Each Score
Percentile by Number Answered
Your Score History
You have not taken this quiz